|
|
|
|
| LEADER |
00000nab a2200000 a 4500 |
| 001 |
vtls000842730 |
| 003 |
SK-MaSNL |
| 005 |
20260305003746.0 |
| 008 |
160321c2003 xo 0 slo |
| 015 |
|
|
|a SNBRB2003/09-23026
|
| 035 |
|
|
|a CLN000194385
|
| 040 |
|
|
|a SNKBUCL
|b slo
|c SNKBUCL
|e AACR2
|
| 041 |
0 |
|
|a slo
|
| 044 |
|
|
|a xo
|c SK
|
| 080 |
|
|
|a 78.071.2:784.66
|2 UDC-MRF-SK2
|
| 080 |
|
|
|a 784.66
|2 UDC-MRF-SK2
|
| 080 |
|
|
|a 929 Martin, Ricky
|2 UDC-MRF-SK2
|
| 100 |
1 |
|
|a Benková, Jana,
|d 1970-2026
|4 ain
|9 183863
|
| 245 |
1 |
0 |
|a Európanky mu motajú hlavu
|c zhovárala sa Jana Benková
|
| 300 |
|
|
|b Fotogr.
|
| 600 |
1 |
7 |
|a Martin, Ricky,
|d 1971-
|2 snkbucl
|9 18234
|
| 655 |
|
7 |
|a články z novín a časopisov
|2 snkbucl
|9 267496
|
| 700 |
1 |
|
|a Martin, Ricky,
|d 1971-
|4 aut
|4 uin
|9 18234
|
| 773 |
0 |
|
|x 0231-6676
|t Slovenka
|g Roč. 56, č. 32 (2003), s. 18-21
|
| 850 |
|
|
|a Slovenská národná knižnica v Martine
|
| 852 |
|
|
|a SNK
|b KIS3GCP
|
| 958 |
|
|
|a AG
|
| 958 |
|
|
|a BC
|
| 958 |
|
|
|a RBX
|
| 999 |
|
|
|c 3232147
|d 3234077
|